000 00865cam a2200277 4500
999 _c128104
_d128104
001 1714124
003 ARRUPE
005 20180905083017.0
008 720320s1971 enk b 001 0 eng
010 _a 71889919
015 _aB71-28030
020 _a0091093902
_a0091093910 (pbk.)
040 _aDLC
_cDLC
_dDLC
050 0 0 _aPR2364
_b.B3
082 0 0 _a821/.3
100 1 _aBayley, P. C.
_q(Peter Charles)
_941996
245 1 0 _aEdmund Spenser: prince of poets
_c[by] Peter Bayley.
260 _aLondon,
_bHutchinson,
_c1971.
300 _a189 p.
_c22 cm.
350 _a£2.25
490 0 _aEnglish literature
504 _aBibliography: p. [183]-184.
600 1 0 _aSpenser, Edmund,
_d1552?-1599
_xCriticism and interpretation.
_941913
906 _a7
_bcbc
_corignew
_d3
_encip
_f19
_gy-gencatlg
942 _2lcc
_cMONOGRAPH